Al-Fatihah dan roh

Bibliographic Details
Main Author: Mohammad Shahkafle An-Nadwi
Format: Book
Subjects:

MARC

LEADER 00000cam a2200000 7i4500
001 0000009272
002 000010102
005 20000330.0
020 |a 9839017926 
090 0 0 |a 297.1229   |b MOH 
100 0 |a Mohammad Shahkafle An-Nadwi 
245 1 0 |a Al-Fatihah dan roh   |c Mohammad Shahkafle An-Nadwi 
300 |a 86 p. ;   |c 19 cm. 
650 0 0 |a Quran   |x Interpretation and critism 
999 |a 043957   |b BUKU   |c PINJAMAN   |e PERPUSTAKAAN KOMUNITI CAW KOTA DAMANSARA 
999 |a 046511   |b BUKU   |c PINJAMAN   |e PERPUSTAKAAN KOMUNITI CAW KOTA DAMANSARA